Délmagyarország. - 1929. február 20., Szerda
Elmentve itt :
| Dokumentumtípus: | Újság |
|---|---|
| Megjelent: |
1929-02-20
|
| Sorozat: | Délmagyarország
5 No. 42 |
| Online Access: | http://dmarchiv.bibl.u-szeged.hu/5822 |
| LEADER | 00485nas a2200145 i 4500 | ||
|---|---|---|---|
| 001 | delm5822 | ||
| 005 | 20200414150802.0 | ||
| 008 | 171213s1929 hu n o 0|| hun d | ||
| 022 | |a 0133-025X | ||
| 040 | |a SZTE Délmagyarország Archívum |b hun | ||
| 041 | |a hun | ||
| 245 | 0 | 0 | |a Délmagyarország. - 1929. február 20., Szerda |h [elektronikus dokumentum] |
| 260 | |c 1929-02-20 | ||
| 490 | 0 | |a Délmagyarország |v 5 No. 42 | |
| 856 | 4 | 0 | |u http://dmarchiv.bibl.u-szeged.hu/5822/1/dm_1929_042.pdf |z Dokumentum-elérés |